LEADER 01616nam a22004215a 4500
001 CEM.cems018601
005 20171206113046.0
008 130507s2005##################000#0#####d
003 CEMS
020 |a 9504614868 
082 0 4 |a 302 
100 1 |a Arzeno, Mariana 
245 1 0 |a Ciencias sociales 7º: bonaerense 
260 |a Buenos Aires :  |b Santillana,  |c 2005. 
300 |a 256p. ; 28cm. 
490 0 |a Todos Protagonistas 
505 0 |a Localizaciòn superficie terrestre -- Espacio geográfico -- Población -- Zonas polares y zonas cálidas -- Mar y montañas -- Calentamiento global -- Mundo globalizado -- Los primeros pobladores -- Las primeras sociedades Agricolas -- La mesopotamia -- Antigua Egipto -- Cercano Oriente -- Griegos -- Alejandro Magno -- Roma -- Imperio Romano -- Apogeo y crisis -- Etica -- Los adolescente y los derechos -- Sociedad organizada 
653 |a Localización superficie terrestre 
653 |a Espacio geográfico 
653 |a Población 
653 |a Zonas polares y zonas cálidas 
653 |a Mar y montañas 
653 |a Calentamiento global 
653 |a Mundo globalizado 
653 |a Los primeros pobladores 
653 |a Las primeras sociedades agricolas 
653 |a La mesopotamia 
653 |a Antigua egipto 
653 |a Cercano oriente 
653 |a Griegos 
653 |a Alejandro magno 
653 |a Roma 
653 |a Imperio romano 
653 |a Apogeo y crisis 
653 |a Etica 
653 |a Los adolescente y los derechos 
653 |a Sociedad organizada 
859 |a CEMS  |b BIB. CEMS - Agricultura  |h 302  |i Ar99  |p A2963.17  |t Ej.1  |v 7  |3 7